<?xml version="1.0" encoding="UTF-8"?>
<collection xmlns="http://www.loc.gov/MARC21/slim">
 <record>
  <leader>00426nam  2200133#c 4500</leader>
  <controlfield tag="001">LC-10763</controlfield>
  <controlfield tag="003">UMA</controlfield>
  <controlfield tag="005">20230415    212459</controlfield>
  <controlfield tag="008">230415suuuu####   ##########||||#0#spa#d</controlfield>
  <datafield tag="336" ind1=" " ind2=" ">
   <subfield code="a">texto</subfield>
  </datafield>
  <datafield tag="337" ind1=" " ind2=" ">
   <subfield code="a">no mediado</subfield>
  </datafield>
  <datafield tag="338" ind1=" " ind2=" ">
   <subfield code="a">volumen</subfield>
  </datafield>
  <datafield tag="245" ind1=" " ind2=" ">
   <subfield code="a">Estrategias de comunicación en campañas mendocinas : &quot;Dos elecciones consecutivas, dos candidatos, una misma línea política, dos estrategias distintas&quot;</subfield>
  </datafield>
  <datafield tag="100" ind1=" " ind2=" ">
   <subfield code="a">Bizzotto, Cecilia</subfield>
  </datafield>
 </record>
</collection>
